zpět

Detail výsledku týmu

Třiadvacítka, Mělník

Datum a čas kvízu

24 Celkem bodů Celkový počet nahraných bodů na tomto kvízu bez doplňovacích otázek.
6. Pořadí na kvízu Konečné umístění týmu na tomto kvízu.

Zaznamenané odpovědi

# Otázka Odpověď Body Výsledky
1. Před lety investoval 47letý mo... Láďa Hruška 0
2. Minulý týden se stalo virálním... v záchodové míse 0
3. Po tříleté pauze se na obrazov... Příběh služebnice 0
4. V odborné anketě Světové auto... Kia 1
5. V těchto dnech začíná play-off... Dallas Stars 0
6. Togo a Tonga sice mají podobné... A 1
7. Dříve v Prusku, nyní v Rusku.... Kaliningrad 1
8. Který z těchto států má největ... A 1
9. Který jazyk je úředním na územ... angličtina; španělština 1
10. Ke kvízu patří i pivo, které s... Turnov; Trutnov 0.5